Οινολογία : έρευνα και εφαρμογές

Αποθηκεύτηκε σε:
Λεπτομέρειες βιβλιογραφικής εγγραφής
Κύριος συγγραφέας: Τσακίρης, Αργύρης Ν. 1954-
Μορφή: Βιβλίο
Γλώσσα:Greek
Δημοσίευση: Αθήνα : Ψύχαλος, [200-]
Θέματα:
Ετικέτες: Προσθήκη ετικέτας
Δεν υπάρχουν, Καταχωρήστε ετικέτα πρώτοι!

MARC

LEADER 00000cam a2200000 i 4500
001 1/54437
008 070911q gre d
020 |a 960-8455-16-2 
035 |l 10090575 
040 |a GR-MY-UA  |b gre  |e aacr 
041 0 |a gre 
082 0 |a 663.2  |2 (22) 
100 1 |a Τσακίρης, Αργύρης Ν.  |d 1954- 
245 1 0 |a Οινολογία :  |b έρευνα και εφαρμογές /  |c Αργύρης Τσακίρης 
260 |a Αθήνα :   |b Ψύχαλος,   |c [200-] 
300 |a ix, 110 σ.;  |b εικ.;  |c 24 εκ. 
504 |a Βιβλιογραφία: σ. 81-110 
650 0 0 |a Wine and wine making. 
852 |a INST  |b LEMNOS  |c EUDOXUS  |e 20130520  |h 663.2 ΤΣΑ  |p 005600000873  |q 005600000873  |t EDX  |y 0 
852 |a INST  |b SAMOS  |e 20070911  |h 663.2 ΤΣΑ  |p 005300028262  |q 005300028262  |t BK  |y 0 
901 |a BIBL3-2007-3 
909 |a Σ  |b 138714 
909 |a M  |b 161147 
920 |a Εύδοξος  |b Παραγγελία  |y Λήμνος-ΤΕΤΔ  |z 2013-04 
922 |a 3ΕΛΗ  |b 200708  |c ΕΠΕΑΕΚ2/Τμήμα Μαθηματικών  |d Πατάκης 
970 |a Ρούσσου  |b Κωνσταντίνα  |z 2007/09/11